00704nam a2200205Ia 4500003000400000008004100004020002400045040000800069100002100077245010100098260003000199300001500229365001200244901002100256902003400277903005800311942001200369952010000381999001700481LDD181029s9999 xx 000 0 und d a041536132XcP 23.99 cLDD aGossling, Stefan 0aTourism and global environment changebecological, social, economic and politiccStefan Gossling aNew YorkbRoutledgec2006 aviii, 316p bP 23.99 a3505b20-11-2006 a11546b14-02-2007cFdGBHe95 aDiscount-10bReqst by : Kumar, Kapil (Dr.)  2ddccBK 00102ddc4070977847aLDDbLDDl0o338.4791 T645p061178r2018-11-01v2074.65w2018-11-01yBK c77848d77848